| 000 | 00545nam a2200217Ia 4500 | ||
|---|---|---|---|
| 008 | 170918s9999 xx 000 0 und d | ||
| 020 | _a9780545199070 | ||
| 050 | _bA237 2008 | ||
| 100 | _aAdler, David A. | ||
| 245 | _aCam Jansen : | ||
| 245 | _band the green school mystery / | ||
| 245 | _cDavid A. Adler ; illustrated by Joy Allen. | ||
| 260 | _aNew York : | ||
| 260 | _bScholastic, | ||
| 260 | _c2008 | ||
| 300 | _a56 pages : | ||
| 300 | _bcolored illustration ; | ||
| 300 | _c19cm. | ||
| 440 | _aCam Jansen. | ||
| 500 | _a490 | ||
| 999 |
_c341475 _d341475 |
||